00773namaa2200217 i 4500001000700000003000900007005001700016008004100033020002300074040003200097080002100129100004200150245009100192260003400283300002200317490002300339830003100362852002100393999001900414952012200433173715ES-MaACL20230906215325.0100113s2009 sp | |||| ||spa d a978-84-966606-52-4 aSpMaBN bspa cSpMaBN erdc a821.134.2-14"19"1 aBarbero Puente, Miguel Angel.914191314aLos caballos de Aquiles b: (tríptico del exilio) / cMiguel Ángel Barbero Puente. aBurgos : bDossoles, c[2009] a310 p. ; c20 cm.1 aDossoles. Poesía0 aDossoles. Poesía9223591 aES-MaACLjL-8730 c173715d173715 00104070aATENEOMbATENEOMcDEPO2d2010-01-13eDONl0oL-8730p1182344r2023-02-23 00:00:00w2023-02-23yMONOGRAFIA